| Tag |
First Indicator |
Second Indicator |
Subfields |
| LEADER |
00000cam a2200000 a 4500 |
| 001 |
in00000891736 |
| 005 |
20150923140858.0 |
| 007 |
hd afb017baca |
| 007 |
hd bfb017baaa |
| 008 |
860401s1684 miu a 00000 eng d |
| 035 |
|
|
|a (OCoLC)13367267
|
| 035 |
|
|
|9 AEL4702AM
|
| 037 |
|
|
|a CL0037000055
|b University Microfilms International
|
| 037 |
|
|
|b University Microfilms International, 300 N. Zeeb Rd., Ann Arbor, MI 48106
|
| 040 |
|
|
|a EAG
|c EAG
|d m/c
|d UtOrBLW
|
| 043 |
|
|
|a e-uk-en
|
| 049 |
|
|
|a TXAI
|
| 090 |
|
|
|a PR3291.A1
|b P54 1684
|
| 099 |
|
|
|a film
|a B
|a 3609
|
| 245 |
0 |
0 |
|a Pluto, the Prince of Darkness :
|b his entertainment of Coll. Algernoon Sidney upon his arrival at the infernal palace : with the congratulations of the fanatick cabal for his arrival there : to the tune of Hail to the mirtle shade, &c.
|
| 264 |
|
3 |
|a London :
|b Printed for a warning to all traytors,
|c 1684.
|
| 300 |
|
|
|a 1 broadside.
|
| 336 |
|
|
|a text
|b txt
|2 rdacontent
|
| 337 |
|
|
|a microform
|b h
|2 rdamedia
|
| 338 |
|
|
|a microfilm reel
|b hd
|2 rdacarrier
|
| 500 |
|
|
|a In verse.
|
| 500 |
|
|
|a With music.
|
| 500 |
|
|
|a Reproduction of original in the Harvard University Library.
|
| 510 |
4 |
|
|a Wing
|c P2658A
|
| 533 |
|
|
|a Microfilm.
|b Ann Arbor, Mich. :
|c University Microfilms International,
|d 1984.
|e 1 microfilm reel ; 35 mm.
|f (Early English books, 1641-1700 : 1554:6)
|
| 500 |
|
|
|a Microform.
|
| 600 |
1 |
0 |
|a Sidney, Algernon,
|d 1623-1683
|x Poetry.
|
| 650 |
|
0 |
|a Ballads, English.
|
| 830 |
|
0 |
|a Early English books, 1641-1700 ;
|v 1554:6.
|
| 999 |
|
|
|a MARS
|
| 999 |
f |
f |
|s c78c1444-038c-3279-b899-b2f39e503f61
|i 16bec71b-1577-36c3-82a3-d0c253852045
|t 0
|
| 952 |
f |
f |
|p default
|a Texas A&M University
|b College Station
|c Sterling C. Evans Library
|d Evans: Microforms (3rd floor)
|t 0
|e film B 3609 1554:6
|h Other scheme
|i microform -- microfilm reel
|
| 998 |
f |
f |
|a film B 3609 1554:6
|t 0
|l Evans: Microforms (3rd floor)
|